Retail management : A strategic approach

Bewaard in:
Bibliografische gegevens
Hoofdauteur: Berman, Barry
Formaat: Boek
Taal:Undetermined
Gepubliceerd in: New York, NY Pearson Prentice-Hall 2004
Tags: Voeg label toe
Geen labels, Wees de eerste die dit record labelt!
Thư viện lưu trữ: Trung tâm Học liệu Trường Đại học Cần Thơ
LEADER 00531nam a2200205Ia 4500
001 CTU_74583
008 210402s9999 xx 000 0 und d
020 |b 342000 
020 |c 1009650 
082 |a 658.87 
082 |b B516 
100 |a Berman, Barry 
245 0 |a Retail management : 
245 2 |b A strategic approach 
245 0 |c Barry Berman, Joel R. Evans 
260 |a New York, NY 
260 |b Pearson Prentice-Hall 
260 |c 2004 
904 |i Minh 
980 |a Trung tâm Học liệu Trường Đại học Cần Thơ